005430000a22001810004500003001100000005001700011008004100028020001500069040003900084041000800123082001700131100003700148245005700185260003200242300000800274650003700282650004200319LK-CoMWRAF20231010124309.0230817t1996 ||||| |||| 00| 0 eng d a9960740862 aLK-CoMWRAFdLK-CoMWRAFeLK-CoMWRAF aeng a297.814bBAZ aBaz, Abdul Aziz Bin Abdullah Bin aImam Muhammad Bin Abdul Wahhab :bHis life & mission aRiyadh :bDarussalam,c1997 a47p aMuḥammad ibn ʿAbd al-Wahhāb a Muslims -- Saudi Arabia -- Biography